| 000 | 00651nam a2200181Ia 4500 | ||
|---|---|---|---|
| 008 | 090630s9999 xx 000 0 und d | ||
| 082 | _b10586 | ||
| 100 | _aमडकईकर भालचंद्र. | ||
| 245 |
_aनियतीचा खेळ. _cमडकईकर भालचंद्र. |
||
| 260 |
_bराजेंद्र - पुणे. _c1990 |
||
| 300 | _a174 | ||
| 600 | _aमडकईकर भालचंद्र. | ||
| 630 | _aनियतीचा खेळ. | ||
| 655 | _aकादंबरी. | ||
| 700 | _aमडकईकर भालचंद्र. | ||
| 730 | _aनियतीचा खेळ. | ||
| 942 | _cBOOK | ||
| 999 |
_c262442 _d262442 |
||